000 00588nam a2200181 4500
001 111780
003 ES-MaACL
005 20231227200024.0
007 t|
008 061121s1953 sp r ||||1| spa d
245 0 0 _aOrientaciones terapéuticas actuales /
_cpor los doctores M. Aguirre de Jaca [et. al.] ; prólogo de C. Jiménez-Díaz.
260 _aMadrid :
_bPaz Montalvo,
_c1953.
300 _a800 p. ;
_c24 cm.
700 1 _aAguirre de Jaca, M.
_918867
700 1 _aJiménez Díaz, Carlos,
_d1898-1967
_966515
852 _aES-MaACL
_jD-8724
_bR.34050
999 _c111780
_d111780